| 000 | 02028cam a2200313 i 4500 | ||
|---|---|---|---|
| 003 | SA-RiAUC | ||
| 005 | 20260201132040.0 | ||
| 008 | 260201s1993 xx g 000 0 ara c | ||
| 024 | 0 | _a00000000735861 | |
| 040 |
_aSA-JeALM _bara _cSA-RiAUC _dAE-DuMBRL _erda |
||
| 050 | 4 | _b.S53 1993 | |
| 082 | 0 | 4 |
_a260 _qSA-RiAUC |
| 090 |
_a260 _bع ب د ل |
||
| 100 | 1 |
_aعبد الله الحداد، عبد الله بن علوي بن محمد _eمؤلف. |
|
| 245 | 1 | 0 |
_aكتاب النفائس العلوية في المسائل الصوفية / _cللإمام شيخ الإسلام قطب الدعوة والإرشاد الحبيب عبد الله العلوي الحداد الحضرمي الشافعي رحمة الله تعالى. |
| 246 | 3 | 0 | _aالنفائس العلوية في المسائل الصوفية |
| 250 | _aالطبعة الأولى. | ||
| 264 | 1 |
_a[مكان النشر غير محدد] : _bدار الحاوي للطباعة والنشر والتوزيع : _bالناشر للطباعة والنشر والتوزيع والإعلان، _c1993. |
|
| 300 |
_a222 صفحة ؛ _c20 سم. |
||
| 336 |
_aنص _btxt _2rdacontent _3كتاب |
||
| 337 |
_aبدون وسيط _bn _2rdamedia |
||
| 490 | 0 |
_aكتب الإمام الحداد ؛ _v9 |
|
| 520 | _aيحتوى هذا الكتاب على مجموع فتاويه من خلال أسئلة طرحت عليه وبلغت عدد الأسئلة 163 سؤال نذكر منها عن حكم الخواطر في حق الواصل وعن حكم من يخالط أهل المعاصي وعن إخفاء العبادة أو إظهارها وعن وقت أذكار الصباح والمساء متى يدخل وعن حكم من يعمل رجاء الثواب وعن طاعة الوالدين وغير ذلك. | ||
| 650 | 7 |
_aالتصوف الإسلامي _2aucsh |
|
| 650 | 7 |
_aالتوبة (تصوف إسلامي) _2aucsh |
|
| 650 | 7 |
_aالأدعية والأوراد (تصوف إسلامي) _2aucsh |
|
| 942 |
_2ddc _cBOOK _n0 |
||
| 949 |
_aSA-JeALM _d260201 _uosman123 _n1 |
||
| 999 |
_c14216 _d14216 |
||